000 00697nam a2200289Ia 4500
005 20260324144132.0
008 008 260324s9999 xx 000 0 eng d
020 _a9780203802656
037 _aEBOOK
040 _aCRL
040 _beng
040 _cCRL
041 _2eng
041 _aeng
084 _qCRL
100 _aRobin Usher; Ian Bryant
_91218216
245 0 _aAdult Education as Theory, Practice and Research
245 4 _bThe Captive Triangle
260 _bTaylor and Francis
260 _c1989
365 _a
365 _b240
856 _uhttp://www.taylorfrancis.com/books/9780203802656
942 _cEBOOK
999 _c1824447
_d1824447